ARRUPE JESUIT UNIVERSITY

CORONAVIRUS -STOP THE SPREAD - CLEAN,DISINFECT,COVER

Catholic Schools Australian Landscapes (Record no. 120569)

MARC details
000 -LEADER
fixed length control field 00482nam a22001457a 4500
008 - FIXED-LENGTH DATA ELEMENTS--GENERAL INFORMATION
fixed length control field 140521b xxu||||| |||| 00| 0 eng d
020 ## - INTERNATIONAL STANDARD BOOK NUMBER
International Standard Book Number 1876033363
050 ## - LIBRARY OF CONGRESS CALL NUMBER
Classification number LC487.R99
100 ## - MAIN ENTRY--PERSONAL NAME
Personal name Ryan, Maurice
9 (RLIN) 10456
245 ## - TITLE STATEMENT
Title Catholic Schools Australian Landscapes
Remainder of title resources for creating distinctive Catholic schools
Statement of responsibility, etc Maurice Ryan
260 ## - PUBLICATION, DISTRIBUTION, ETC. (IMPRINT)
Place of publication, distribution, etc Australia
Name of publisher, distributor, etc Social Science Press
Date of publication, distribution, etc 1996
300 ## - PHYSICAL DESCRIPTION
Extent iv, 124p. ;
Dimensions 25cm.
650 ## - SUBJECT ADDED ENTRY--TOPICAL TERM
Topical term or geographic name as entry element Catholic Schools
9 (RLIN) 10457
942 ## - ADDED ENTRY ELEMENTS (KOHA)
Source of classification or shelving scheme Library of Congress Classification
Item type Monograph ( Printed materials)
Holdings
Withdrawn status Lost status Source of classification or shelving scheme Damaged status Not for loan Collection code Home library Current library Shelving location Date acquired Total Checkouts Full call number Barcode Date last seen Price effective from Koha item type
    Library of Congress Classification     Main Collection ARRUPE LIBRARY ARRUPE LIBRARY Main Collection 21/05/2014   LC487.R99 46500000721 28/06/2018 21/05/2014 Monograph ( Printed materials)

 

Arrupe Library. PO Box MP320 Mt Pleasant, Harare, Zimbabwe
263 242 745411|librarian@aju.ac.zw